000 01026nam0a2200265 4500
001 RU\NLR\ONL1\17012
005 20250613122920.0
035 _a(NLR Aleph) 009645750
090 _a9563192
_c9563192
100 _a20100713d1949 |||y0rusy50 ca
101 0 _amdf
102 _aRU
105 _aa |||||||||
200 1 _aСССР-ть географияц
_eучеб. семилет. и сред. школань 7-це кл.
_fС. В. Чефранов
210 _aСаранск
_cМорд. гос. изд.
_d1949
215 _a208 с.
_cил. и карт.
_d23
_e4 отд. л. сброшюр. карт
541 1 _aГеография СССР
_eучеб. для 7 кл. семилет. и сред. школы
_zrus
607 _aСССР
_xГеография
_91012711
_3RU\NLR\auth\6668120
686 1 _aД82(2) я72
700 1 _aЧефранов
_bС. В.
_gСергей Васильевич
_4070
801 0 _aRU
_bNLR
_c20100713
_gPSBO
852 _aNLR
_bОНЛ
_jМорд.м./3-1277
942 _cBOOK
980 _aNB